MERCOSUR - hospodářský kolos Jižní Ameriky. Šance pro čs. podnikatele.

V Južnej Amerike množstvo obchodných príležitostí pre čs. podnikateľov. V marci r. 1991 bola štyrmi krajinami Južnej Ameriky Brazíliou, Argentínou, Uruguajom a Paraguayom podpísaná zmluva, ktorou sa položil základ výstavby integračného zoskupenia (MERCOSUR) do konca roku 1994. Na základe tejto Asunc...

Ausführliche Beschreibung

Gespeichert in:
Bibliographische Detailangaben
1. Verfasser: Makrlík, V.
Format: Buchkapitel
Sprache:Tschechisch
Schlagworte:
Tags: Tag hinzufügen
Keine Tags, Fügen Sie das erste Tag hinzu!

MARC

LEADER 00000naa a2200000 4500
001 r008556
005 20220831083811.8
041 0 |a cze 
044 |a [CS] 
245 1 0 |a MERCOSUR - hospodářský kolos Jižní Ameriky.  |b Šance pro čs. podnikatele.  |c V. Makrlík 
520 |a V Južnej Amerike množstvo obchodných príležitostí pre čs. podnikateľov. V marci r. 1991 bola štyrmi krajinami Južnej Ameriky Brazíliou, Argentínou, Uruguajom a Paraguayom podpísaná zmluva, ktorou sa položil základ výstavby integračného zoskupenia (MERCOSUR) do konca roku 1994. Na základe tejto Asunciónskej zmluvy má sa v trojročnom období dosiahnúť voľný pohyb tovarov, služieb, kapitálu a pracovných síl. Informácia o výsledkoch. Možnosti zahraničného obchodu. 
610 2 0 |a Južná Amerika 
610 2 0 |a zoskupenia integračné medzinárodné 
610 2 0 |a integrácia ekonomická medzinárodná 
610 2 0 |a MERCOSUR 
610 2 0 |a Brazília 
610 2 0 |a Argentína 
610 2 0 |a Uruguaj 
610 2 0 |a Paraguaj 
610 2 0 |a obchod zahraničný 
100 1 |a Makrlík, V.